00421nam a2200121Ia 4500008004100000041000800041082000800049100006000057245010700117260004900224300002000273440000600293221007s9999 xx 000 0 und d aeng bPRA aPranita Bhujbal - 2k171007 & Prof. Ganesh Lotke - Guide aStudy Of Supply Chain Management Practices In Logistics Industries In Selected Region Across The Globe c2018bSavitribai Phule Pune UniversityaPune a55pcHard Bound v1